Avrupa Sosyal Demokrat Partisi (Record no. 2537)

MARC details
000 -BAŞLIK
Sabit Uzunlukta Kontrol Alanı 00732na a2200241 4500
001 - KONTROL NUMARASI
Denetim Alanı 16442
003 - KONTROL NUMARASI IDENTIFIER
Denetim Alanı MIRAKIL
005 - SON İŞLEM TARİHİ VE ZAMANI
Denetim Alanı 20181213154901.0
008 - SABİT-BOY VERİ ELEMANLARI - GENEL BİLGİLER
Sabit Uzunlukta Kontrol Alanı 161006b tu 000 0
035 ## - SİSTEM KONTROL NUMARASI
Sistem Kontrol Numarası 16442
040 ## - KATALOGLAMA KAYNAK
Orijinal Kataloglama Ajansı Milas
Kataloglama Dili tur
Metne Dönüştürmek Ajansı TR-AnCHP
041 ## - DİL KODU
Metin / Ses Parça Veya Ayrı Başlığın Dil Kodu tur
082 ## - DEWEY ONLU SINIFLANDIRMA NUMARASI
Sınıflandırma Numarası 324.24072
Ürün Numarası S62a 2000
090 ## - SINIFLAMA NUMARASI
Sınıflama Numarası 324.24072 S62a 2000
110 ## - ANA GİRİŞ - KURUMSAL ADI
Giriş Elemanı Olarak Kurumsal Ad Veya Yargı Alanı Adı Sosyal Demokrasi Vakfı (SODEV)
245 ## - BAŞLIK TABLOSU
Başlık Avrupa Sosyal Demokrat Partisi
Başlığın Kalan Bildirgeler
Sorumluluk Tablosu, Vb Sosyal Demokrasi Vakfı (SODEV)
246 ## - UNVAN FORM VARYING
Başlık Doğru / Kısa Başlığı Bildirgeler
260 ## - YAYIN, DAĞITIM, VB
Yayın, Dağıtım, Vb Yeri İstanbul
Yayıncı, Dağıtıcı, Vs Adı Sosyal Demokrasi Vakfı (SODEV)
Yayın, Dağıtım, Vb Tarihi 2000
300 ## - FİZİKSEL TANIM
Kapsam 32 s.
Boyutlar 19 sm.
650 ## - KONU KATMA GİRİŞ - TOPİKAL DÖNEM
Topikal Süreli Veya Coğrafi Ad Giriş Elemanı Avrupa Sosyalistler Partisi (PES)
Genel Alt Bölümü Seçim bildirgesi
651 ## - KONU KATMA GİRİŞ - COĞRAFİ ADI
Coğrafi İsim Avrupa
Genel Alt Bölümü Sosyal demokrat partiler
942 ## - EKLENDİ GİRİŞ ELEMANLARI (KOHA)
Sınıflandırma Veya Raf Düzeni Kaynak Dewey Decimal Classification
Koha Öğesi Türü Books
999 ## - SİSTEM KONTROL NUMARALARI (KOHA)
Koha Biblionumber 2537
Koha Biblioitemnumber 2537
Holdings
Kalıcı Konum Mevcut Konum Edinme Tarihi Edinim Kaynak Toplam Check-Out'Lar Tam Çağrı Numarası Barkod Tarih Son Görülme İtibaren Geçerli Fiyatlar Koha Öğesi Türü Kopya Sayısı
CHP Kütüphanesi CHP Kütüphanesi 10/06/2016 Bağış   324.24072 S62a 2000 005244 10/06/2016 10/06/2016 Books  
CHP Kütüphanesi CHP Kütüphanesi 10/06/2016 Bağış   324.24072 S62a 2000 005245 10/06/2016 10/06/2016 Books k.2